| 000 | 01655nam a2200397 i 4500 | ||
|---|---|---|---|
| 001 | EBC6110439 | ||
| 003 | MiAaPQ | ||
| 005 | 20250623124011.0 | ||
| 006 | m o d | | ||
| 007 | cr cnu|||||||| | ||
| 008 | 200412s2020 enka ob 001 0 eng d | ||
| 020 | _z9780367445126 | ||
| 020 | _a9781000025088 (e-book) | ||
| 035 | _a(MiAaPQ)EBC6110439 | ||
| 035 | _a(Au-PeEL)EBL6110439 | ||
| 035 | _a(OCoLC)1137746034 | ||
| 040 |
_aMiAaPQ _beng _erda _epn _cMiAaPQ _dMiAaPQ |
||
| 050 | 4 |
_aGR690 _b.S23 2020 |
|
| 082 | 0 |
_a398.26 _223 |
|
| 245 | 0 | 0 |
_aSacred waters : _ba cross-cultural compendium of hallowed springs and holy wells / _cedited by Celeste Ray. |
| 264 | 1 |
_aLondon ; _aNew York, New York : _bRoutledge, _c[2020] |
|
| 264 | 4 | _c2020 | |
| 300 |
_a1 online resource (xviii, 397 pages) : _billustrations |
||
| 336 |
_atext _btxt _2rdacontent |
||
| 337 |
_acomputer _bc _2rdamedia |
||
| 338 |
_aonline resource _bcr _2rdacarrier |
||
| 504 | _aIncludes bibliographical references and index. | ||
| 588 | _aDescription based on print version record. | ||
| 590 | _aElectronic reproduction. Ann Arbor, MI : ProQuest, 2018. Available via World Wide Web. Access may be limited to ProQuest affiliated libraries. | ||
| 650 | 0 |
_aHoly wells. _920106 |
|
| 655 | 4 |
_aElectronic books. _92203 |
|
| 700 | 1 |
_aRay, R. Celeste, _eeditor. |
|
| 776 | 0 | 8 |
_iPrint version: _tSacred waters : a cross-cultural compendium of hallowed springs and holy wells. _dLondon ; New York, New York : Routledge, c2020 _hxviii, 397 pages _z9780367445126 |
| 797 | 2 | _aProQuest (Firm) | |
| 856 | 4 | 0 |
_uhttps://ebookcentral.proquest.com/lib/artjam/detail.action?docID=6110439 _zClick to View |
| 999 |
_c9805 _d9805 |
||